LDR 00620nam a2200181 i 4500 001 000000171352 003 CaOOAMICUS 005 20260407123651.0 008 080426n it u000 u ita u 013 $a148783 040 $aSeMil$bita 245 10$aVol. 1 /$cStendhal. 300 $aXXXVII, 231 p. 773 0 $aStendhal <1783-1842>$tCertosa di Parma.$dFirenze : Sansoni, [1922?]$kBiblioteca sansoniana straniera$w()19478 850 $aSeMil 852 $aSeMil$W1$xVenegono$y1$m1W I 19$j122221$B122221$CSeMilBibl$Z2$F133545 $81 996 $6245$aVol. 1$9(OLS)http://semarc/title/55715